书目信息 |
| 题名: |
建筑与徒手画
|
|
| 作者: | 李延龄 主编 | |
| 分册: | ||
| 出版信息: | 北京 中国建筑工业出版社 2002.08 |
|
| 页数: | 104页 | |
| 开本: | 23cm | |
| 丛书名: | ||
| 单 册: | ||
| 中图分类: | TU204.1 | |
| 科图分类: | ||
| 主题词: | 建筑设计 | |
| 电子资源: | ||
| ISBN: | 7-112-05157-6 | |
| 000 | 00543nam0 2200193 45 | |
| 001 | 0259535897 | |
| 005 | 2002102116321589 | |
| 010 | @a7-112-05157-6@dRMB 18.00 | |
| 100 | @a20021021d2002 km y0chiy0120 ea | |
| 101 | 0 | @achi |
| 102 | @aCN@b110000 | |
| 200 | 1 | @a建筑与徒手画@Ajian zhu yu tu shou hua@f李延龄主编@FLi Yan Ling Zhu Bian |
| 210 | @a北京@c中国建筑工业出版社@d2002.08 | |
| 215 | @a104页@d23cm | |
| 606 | 0 | @a建筑设计 |
| 690 | @aTU204.1@v3 | |
| 701 | 0 | @a李延龄@ALi Yan Ling@4主编 |
| 801 | 0 | @aCN@bPFT@c20021021 |
| 905 | @dTU204.1@eL313 | |
| 建筑与徒手画/李延龄主编.-北京:中国建筑工业出版社,2002.08 |
| 104页;23cm |
| ISBN 7-112-05157-6:RMB 18.00 |
| ● |
| 相关链接 |
|
|
|
正题名:建筑与徒手画
索取号:TU204.1/L313
 
预约/预借
| 序号 | 登录号 | 条形码 | 馆藏地/架位号 | 状态 | 备注 |
| 1 | 369692 | 203696928 | 建筑与城市规划学院资料室/101建筑库 12排1列3层/ [索取号:TU204.1/L313] | 在馆 | |
| 2 | 369693 | 203696937 | 建筑库101/ [索取号:TU204.1/L313] | 在馆 | |
| 3 | 369694 | 203696946 | 建筑库101/101建筑库 110排7列6层/ [索取号:TU204.1/L313] | 在馆 |